Valuation Office Agency (Record no. 119638)
[ view plain ]
| 000 -LEADER | |
|---|---|
| fixed length control field | 01314cam a2200169 4500 |
| 001 - CONTROL NUMBER | |
| control field | L108222 |
| 008 - FIXED-LENGTH DATA ELEMENTS--GENERAL INFORMATION | |
| fixed length control field | 000000n2006 000 0 eng u |
| 035 ## - SYSTEM CONTROL NUMBER | |
| System control number | (Sirsi) u108222 |
| 110 ## - MAIN ENTRY--CORPORATE NAME | |
| Corporate name or jurisdiction name as entry element | Valuation Office Agency |
| 9 (RLIN) | 3141 |
| 245 ## - TITLE STATEMENT | |
| Title | Valuation Office Agency |
| 260 ## - PUBLICATION, DISTRIBUTION, ETC. | |
| Date of publication, distribution, etc. | 2006 |
| 520 ## - SUMMARY, ETC. | |
| Summary, etc. | The Valuation Office Agency (VOA) is an executive agency of HM Revenue and Customs (HMRC), whose main functions are: compiling and maintaining business rating and council tax valuation lists for England and Wales; valuing property in England, Wales and Scotland for the purposes of taxes administered by the Inland Revenue; providing statutory and non-statutory property valuation services in England, Wales and Scotland; and giving advice to ministers on property valuation matters. Key information accessible through the website includes the 2005 rating lists and council tax list for England and Wales, the VOA manuals and the twice-yearly "Property market report". This report covers all the major sectors of the property market and is based on valuations prepared by the VOA's local offices of typical property types or beacons. |
| 590 ## - LOCAL NOTE (RLIN) | |
| Local note | IKA190505 |
| 690 ## - LOCAL SUBJECT ADDED ENTRY--TOPICAL TERM (OCLC, RLIN) | |
| Topical term or geographic name as entry element | PROPERTY-PROPERTY VALUATION AND APPRAISAL |
| 856 40 - ELECTRONIC LOCATION AND ACCESS | |
| Uniform Resource Identifier | <a href="https://www.voa.gov.uk">https://www.voa.gov.uk</a> |
| Public note | View the website free of charge at www.voa.gov.uk... |
| 942 ## - ADDED ENTRY ELEMENTS (KOHA) | |
| Suppress in OPAC | 0 |
| Withdrawn status | Lost status | Source of classification or shelving scheme | Damaged status | Not for loan | Home library | Current library | Shelving location | Date acquired | Total Checkouts | Full call number | Barcode | Date last seen | Copy number | Price effective from | Koha item type |
|---|---|---|---|---|---|---|---|---|---|---|---|---|---|---|---|
| Dewey Decimal Classification | Virtual | Virtual | Online | 08/09/2000 | WEBSITE | 108222-2001 | 06/08/2019 | 1 | 06/08/2019 | Online material |